[Event "?"]
[Site "?"]
[Date "2013.12.20"]
[Round "1.1"]
[White "Shaydullina, Sandugach"]
[Black "Kovalenko, Igor"]
[Result "0-1"]
[WhiteElo "2254"]
[BlackElo "2653"]
[PlyCount "70"]
[EventDate "2013.??.??"]
[EventType "k.o."]

1. d4 Nf6 2. c4 e6 3. g3 d5 4. Nf3 Bb4+ 5. Bd2 Be7 6. Bg2 O-O 7. O-O Nbd7 8.
Qc2 c6 9. Rd1 b6 10. Bf4 Ba6 11. Ne5 Nxe5 12. dxe5 Ng4 13. h3 Nxf2 14. Kxf2
Bc5+ 15. Be3 Bxe3+ 16. Kxe3 Qg5+ 17. Kf2 f6 18. exf6 Rxf6+ 19. Bf3 Raf8 20. Nd2
Rg6 21. Rg1 e5 22. Ke1 e4 23. Bh1 Qe3 24. Rg2 Rxg3 25. Nf1 Rxf1+ 26. Kxf1 Rxh3
27. Rg1 Qf4+ 28. Ke1 Qh4+ 29. Kd1 Rxh1 30. Kd2 Qf4+ 31. Kc3 Qe3+ 32. Qd3 exd3
33. Rxh1 d4+ 34. Kb4 c5+ 35. Ka4 dxe2 0-1

[Event "?"]
[Site "?"]
[Date "2013.12.20"]
[Round "1.1"]
[White "Maletin, Pavel"]
[Black "Ubiennykh, Ekaterina"]
[Result "1-0"]
[WhiteElo "2638"]
[BlackElo "2357"]
[PlyCount "85"]
[EventDate "2013.??.??"]
[EventType "k.o."]

1. Nf3 g6 2. c4 Bg7 3. d4 d6 4. g3 Nd7 5. Bg2 e5 6. Nc3 Ne7 7. O-O O-O 8. e4
exd4 9. Nxd4 Nc6 10. Nde2 Nc5 11. Be3 Be6 12. b3 a5 13. h3 Re8 14. Rc1 a4 15.
Nb5 axb3 16. axb3 Bd7 17. Nec3 Ne5 18. Qc2 Ncd3 19. Rcd1 Nb4 20. Qb1 f5 21. c5
dxc5 22. Bxc5 Na6 23. Be3 Qc8 24. f4 Nf7 25. e5 Bc6 26. Na7 Rxa7 27. Bxc6 bxc6
28. Bxa7 c5 29. Qd3 Qb7 30. Qb5 Qxb5 31. Nxb5 Bf8 32. Ra1 Nb4 33. Nxc7 Rc8 34.
Ne6 Nd8 35. Nxd8 Rxd8 36. Rfd1 Ra8 37. Bb6 Rb8 38. Bc7 Rc8 39. Bd6 Nc2 40. Ra7
Nd4 41. Bxf8 Rxf8 42. Rc7 Rb8 43. Rxc5 1-0

[Event "?"]
[Site "?"]
[Date "2013.12.20"]
[Round "1.1"]
[White "Tsydypov, Zhamsaran"]
[Black "Smirnov, Pavel"]
[Result "0-1"]
[WhiteElo "2476"]
[BlackElo "2634"]
[PlyCount "136"]
[EventDate "2013.??.??"]
[EventType "k.o."]

1. e4 c5 2. Nf3 d6 3. Nc3 Nf6 4. d4 cxd4 5. Nxd4 a6 6. Be2 e6 7. a4 Nc6 8. O-O
Be7 9. Be3 O-O 10. Nb3 b6 11. f4 Bb7 12. Bf3 Qc7 13. Qe1 Rab8 14. Qf2 Ba8 15.
g4 b5 16. axb5 axb5 17. g5 Nd7 18. Bg2 b4 19. Ne2 Nb6 20. Ng3 Nc4 21. Bc1 Qb6
22. Qxb6 Rxb6 23. Rd1 Rbb8 24. Bf1 Nb6 25. Be3 Rfc8 26. Ba6 Rc7 27. Bb5 Nd7 28.
e5 dxe5 29. Rxa8 Rxa8 30. Bxc6 Rxc6 31. Rxd7 exf4 32. Bxf4 Kf8 33. Nd4 Bc5 34.
Nge2 Ke8 35. Rb7 e5 36. Bxe5 Re6 37. Kg2 Rxe5 38. Kf3 Rxg5 39. Nb5 Rd8 40. Ng3
Kf8 41. Nc7 Bd6 42. Na6 Rc8 43. Nxb4 Bxb4 44. Rxb4 Rxc2 45. Rb8+ Ke7 46. Rb7+
Ke6 47. Rb6+ Kd7 48. Rb7+ Rc7 49. Rb4 Rgc5 50. Rd4+ Ke7 51. Re4+ Kf8 52. Rb4
Rc2 53. Nf5 g6 54. Nd6 Rxh2 55. Rb6 Ke7 56. Ne4 Rh3+ 57. Kg4 Rd3 58. Nf6 Rd6
59. Ng8+ Ke6 60. Rb4 Rc5 61. Rb7 Rd4+ 62. Kf3 Rd7 63. Rb6+ Rd6 64. Rb7 Rd3+ 65.
Ke4 Rcd5 66. Kf4 g5+ 67. Kg4 f5+ 68. Kh5 Rh3+ 0-1

[Event "?"]
[Site "?"]
[Date "2013.12.20"]
[Round "1.1"]
[White "Onischuk, Vladimir"]
[Black "Panarin, Mikhail"]
[Result "0-1"]
[WhiteElo "2614"]
[BlackElo "2574"]
[PlyCount "116"]
[EventDate "2013.??.??"]
[EventType "k.o."]

1. e4 c5 2. Nf3 e6 3. b3 b6 4. Bb2 Bb7 5. Nc3 Nc6 6. g3 d6 7. Bg2 Be7 8. O-O
Bf6 9. Re1 Nge7 10. Na4 e5 11. c4 O-O 12. Nc3 g6 13. h4 Bc8 14. Nh2 Bg7 15. d3
Rb8 16. h5 Nd4 17. Rb1 Bd7 18. Bc1 b5 19. Bg5 f6 20. Be3 Qa5 21. Qd2 bxc4 22.
dxc4 Qb4 23. h6 Bh8 24. f4 a5 25. g4 f5 26. exf5 gxf5 27. a3 Qxa3 28. Nd5 Ng6
29. gxf5 Bxf5 30. Ra1 Qxb3 31. Rxa5 e4 32. Bf2 Qxc4 33. Ne3 Qb4 34. Qxb4 Rxb4
35. Nxf5 Nxf5 36. Bxe4 Bc3 37. Bd5+ Kh8 38. Rd1 Nxf4 39. Ra7 Nxh6 40. Be3 Bd4
41. Bxd4+ Rxd4 42. Rxd4 Ne2+ 43. Kg2 Nxd4 44. Be4 Rf7 45. Ra6 Re7 46. Bd5 Ndf5
47. Kf3 Re5 48. Ba2 Nd4+ 49. Kf4 Rh5 50. Ng4 Rf5+ 51. Ke4 Nxg4 52. Ra8+ Kg7 53.
Rg8+ Kf6 54. Rxg4 d5+ 55. Kd3 Rf3+ 56. Kd2 Rf2+ 57. Kd3 Rxa2 58. Rh4 Ra3+ 0-1

[Event "?"]
[Site "?"]
[Date "2013.12.20"]
[Round "1.1"]
[White "Evdokimov, Alexander"]
[Black "Bocharov, Dmitry"]
[Result "0-1"]
[WhiteElo "2578"]
[BlackElo "2610"]
[PlyCount "68"]
[EventDate "2013.??.??"]
[EventType "k.o."]

1. d4 Nf6 2. c4 e6 3. Nf3 c5 4. d5 b5 5. dxe6 fxe6 6. cxb5 d5 7. Bg5 h6 8. Bh4
Be7 9. e3 O-O 10. Nbd2 Nbd7 11. Be2 Bb7 12. O-O Qe8 13. Qc2 g5 14. Bg3 Nh5 15.
Bd3 Nxg3 16. hxg3 Kg7 17. e4 c4 18. Qc3+ Kg8 19. Bb1 Bf6 20. e5 Bh8 21. Re1 Qf7
22. g4 Rad8 23. Qd4 a6 24. a4 Qe7 25. Ra3 Nc5 26. b4 Ne4 27. bxa6 Ba8 28. Rae3
Qxb4 29. Nxe4 dxe4 30. Qa1 exf3 31. Bg6 fxg2 32. a7 Rd2 33. Be4 Bxe4 34. Rxe4
Qc5 0-1

[Event "?"]
[Site "?"]
[Date "2013.12.20"]
[Round "1.1"]
[White "Galkin, Alexander"]
[Black "Savchenko, Boris"]
[Result "1-0"]
[WhiteElo "2595"]
[BlackElo "2580"]
[PlyCount "95"]
[EventDate "2013.??.??"]
[EventType "k.o."]

1. Nf3 Nf6 2. c4 e6 3. Nc3 d5 4. d4 Be7 5. Bg5 h6 6. Bh4 Nbd7 7. e3 O-O 8. Rc1
b6 9. cxd5 exd5 10. Qa4 Bb7 11. Ba6 Qc8 12. Bxb7 Qxb7 13. Ne5 Rfe8 14. Qc6 Qxc6
15. Nxc6 Bd6 16. Bg3 Bxg3 17. hxg3 Nf8 18. O-O a6 19. Rc2 Re6 20. Ne2 Rd6 21.
Rfc1 Ne6 22. Nf4 Nxf4 23. gxf4 Kf8 24. f3 h5 25. Kf2 a5 26. f5 g6 27. fxg6 fxg6
28. Ne5 Ne8 29. Rc6 Kg7 30. Rxd6 cxd6 31. Nd7 Kf7 32. Nxb6 Rb8 33. Rc6 Ke6 34.
b3 g5 35. e4 dxe4 36. fxe4 h4 37. Kf3 Nf6 38. e5 g4+ 39. Ke2 Ne8 40. exd6 Nf6
41. d7+ Ke7 42. Rxf6 Rh8 43. Rf1 h3 44. gxh3 gxh3 45. Rh1 Rh6 46. Nc4 a4 47.
Ne5 a3 48. d8=Q+ 1-0

[Event "?"]
[Site "?"]
[Date "2013.12.20"]
[Round "1.2"]
[White "Kovalenko, Igor"]
[Black "Shaydullina, Sandugach"]
[Result "1-0"]
[WhiteElo "2653"]
[BlackElo "2254"]
[PlyCount "87"]
[EventDate "2013.??.??"]
[EventType "k.o."]

1. d4 Nf6 2. c4 e6 3. Nf3 d5 4. Nc3 Bb4 5. Qa4+ Nc6 6. e3 Bd7 7. Qc2 O-O 8. a3
Bxc3+ 9. Qxc3 Ne4 10. Qc2 f5 11. b4 Be8 12. g3 Bh5 13. Bg2 a5 14. b5 Ne7 15. a4
g5 16. h4 g4 17. Ne5 Ng6 18. Nd3 c6 19. Ba3 Rf7 20. bxc6 bxc6 21. Rb1 Qc7 22.
cxd5 exd5 23. Nf4 Nxf4 24. exf4 Re8 25. O-O Rf6 26. Rb3 Qa7 27. Qb2 Rfe6 28.
Rb1 Nf6 29. Bf1 Re1 30. Qc3 Rxb1 31. Rxb1 Qd7 32. Qxa5 Ne4 33. Qb4 Qe6 34. Re1
Qd7 35. a5 Bf7 36. a6 Be6 37. Qb7 Qxb7 38. axb7 Rb8 39. Ba6 c5 40. Bxc5 Nxc5
41. dxc5 Bd7 42. Re7 Bc6 43. Rc7 Bxb7 44. Bxb7 1-0

[Event "?"]
[Site "?"]
[Date "2013.12.20"]
[Round "1.2"]
[White "Ubiennykh, Ekaterina"]
[Black "Maletin, Pavel"]
[Result "0-1"]
[WhiteElo "2357"]
[BlackElo "2638"]
[PlyCount "120"]
[EventDate "2013.??.??"]
[EventType "k.o."]

1. d4 Nf6 2. c4 e6 3. Nf3 b6 4. g3 Bb7 5. Bg2 Be7 6. O-O O-O 7. Re1 c5 8. d5
exd5 9. Nh4 Ne4 10. cxd5 Bxh4 11. Bxe4 Bf6 12. Nc3 d6 13. Bf4 a6 14. Bc2 Qe7
15. Ne4 Be5 16. Qd3 g6 17. Bg5 f6 18. Bh6 Re8 19. e3 Nd7 20. Rab1 f5 21. Nd2 b5
22. e4 Bd4 23. Nf3 Ne5 24. Nxe5 Qxe5 25. Bf4 fxe4 26. Rxe4 Qxd5 27. Rbe1 Rxe4
28. Qxe4 Qxe4 29. Bxe4 Bxe4 30. Rxe4 d5 31. Re7 Bxb2 32. Rd7 Bd4 33. Rxd5 b4
34. Be3 Bxe3 35. fxe3 Rc8 36. Kf2 c4 37. Ke2 b3 38. Kd1 Rf8 39. axb3 cxb3 40.
Kc1 Rf2 41. h3 Rf3 42. Re5 a5 43. Rxa5 Rxe3 44. Rg5 Rd3 45. Kb2 Kg7 46. h4 h6
47. Rg4 Rf3 48. h5 g5 49. Rb4 Rxg3 50. Rb7+ Kf6 51. Rb6+ Kf5 52. Rxh6 Rh3 53.
Rh8 g4 54. h6 Kf4 55. h7 Kg3 56. Kb1 Rh6 57. Kb2 Kh3 58. Kxb3 g3 59. Kc2 g2 60.
Rg8 Rxh7 0-1

[Event "?"]
[Site "?"]
[Date "2013.12.20"]
[Round "1.2"]
[White "Smirnov, Pavel"]
[Black "Tsydypov, Zhamsaran"]
[Result "1-0"]
[WhiteElo "2634"]
[BlackElo "2476"]
[PlyCount "87"]
[EventDate "2013.??.??"]
[EventType "k.o."]

1. d4 f5 2. g3 Nf6 3. Bg2 e6 4. Nf3 Be7 5. O-O O-O 6. c4 d6 7. Nc3 Qe8 8. Re1
Nc6 9. e4 fxe4 10. Nxe4 Nxe4 11. Rxe4 Qg6 12. Qe2 Bf6 13. Bd2 Bd7 14. Bc3 Rae8
15. Re1 Nd8 16. Nd2 Qh6 17. Re3 Nc6 18. Nf3 Ne7 19. h3 Nf5 20. Re4 Bd8 21. Kh2
Bc8 22. Bd2 Qg6 23. Rg4 Qh5 24. Re4 Qf7 25. Ng5 Bxg5 26. Bxg5 h6 27. Bd2 Bd7
28. Bc3 Re7 29. d5 Rfe8 30. dxe6 Bxe6 31. Qd3 c6 32. b3 d5 33. cxd5 Bxd5 34.
Rf4 Rxe1 35. Bxe1 Be6 36. Be4 g6 37. Bc3 Kh7 38. Qf3 Qd7 39. g4 Nd6 40. Bxg6+
Kxg6 41. Qd3+ Nf5 42. gxf5+ Bxf5 43. Qg3+ Kh7 44. Rxf5 1-0

[Event "?"]
[Site "?"]
[Date "2013.12.20"]
[Round "1.2"]
[White "Bocharov, Dmitry"]
[Black "Evdokimov, Alexander"]
[Result "1-0"]
[WhiteElo "2610"]
[BlackElo "2578"]
[PlyCount "105"]
[EventDate "2013.??.??"]
[EventType "k.o."]

1. c4 g6 2. d4 Bg7 3. e4 c5 4. d5 d6 5. Nc3 Nf6 6. Nf3 O-O 7. h3 b5 8. cxb5 a6
9. bxa6 Bxa6 10. Bxa6 Rxa6 11. O-O Nbd7 12. Re1 Nb6 13. Qc2 Qa8 14. Bf4 Rb8 15.
Nd2 Nfd7 16. Bg3 c4 17. Re2 Ne5 18. Bxe5 Bxe5 19. Nf3 Bg7 20. Rd1 Na4 21. Nxa4
Rxa4 22. b3 cxb3 23. axb3 Ra3 24. Rd3 Qb7 25. Nd2 h5 26. g3 Qb5 27. Kg2 Bh6 28.
Nc4 Rxb3 29. Rxb3 Qxb3 30. Qxb3 Rxb3 31. e5 Bf8 32. exd6 exd6 33. Re8 Rd3 34.
Nb6 f5 35. Nd7 Kf7 36. Rxf8+ Ke7 37. Rg8 Kxd7 38. Rg7+ Ke8 39. Rxg6 Rxd5 40.
Rg5 Kf7 41. Rxh5 Kg6 42. g4 Rc5 43. Rxf5 Rxf5 44. gxf5+ Kxf5 45. Kf3 Ke5 46.
Ke3 Kf5 47. Kd4 Ke6 48. h4 Kf5 49. f3 Kg6 50. f4 Kf5 51. h5 Kf6 52. Kd5 Kf5 53.
Kxd6 1-0

[Event "?"]
[Site "?"]
[Date "2013.12.20"]
[Round "2.1"]
[White "Kovalenko, Igor"]
[Black "Galkin, Alexander"]
[Result "1-0"]
[WhiteElo "2653"]
[BlackElo "2595"]
[PlyCount "139"]
[EventDate "2013.??.??"]
[EventType "k.o."]

1. d4 d5 2. c4 e6 3. Nc3 Be7 4. Bf4 Nf6 5. e3 O-O 6. a3 Nbd7 7. Nb5 Ne8 8. Nf3
c6 9. Nc3 b6 10. Rc1 Bb7 11. cxd5 exd5 12. Bd3 Bd6 13. Bg3 Qe7 14. Qe2 f5 15.
O-O a5 16. Qc2 Bxg3 17. hxg3 Nd6 18. Na4 Ne4 19. Qb3 Rab8 20. Rfe1 Ba8 21. Rc2
Rf6 22. Rec1 Kh8 23. Kf1 Rh6 24. Nc3 Re8 25. Ne2 c5 26. Bb5 c4 27. Qa4 Nxf2 28.
Rc3 Nd3 29. Rxd3 cxd3 30. Neg1 d2 31. Nxd2 Qxe3 32. Qd1 Rd6 33. Ndf3 Rf8 34.
Bxd7 Rxd7 35. Rc3 Qh6 36. Ne5 Re7 37. Ngf3 Qh1+ 38. Ng1 Bb7 39. Qe2 Kg8 40. Qb5
Qh6 41. Ngf3 Qd6 42. Kf2 Rc8 43. Rb3 Re6 44. Qd3 g6 45. Kg1 Rc1+ 46. Kh2 Qf8
47. Qd2 Rc7 48. Qf4 Qe7 49. Ng5 Rf6 50. Re3 Qf8 51. Nxg6 Qh6+ 52. Nh4 Rd7 53.
Re8+ Rf8 54. Re6 Qh5 55. Rxb6 Rg7 56. Ngf3 Bc8 57. Ne5 Qe8 58. Rd6 Be6 59. Qh6
Bc8 60. b4 axb4 61. axb4 Qb5 62. Rc6 Qb7 63. b5 Bd7 64. Rd6 Qxb5 65. Nxd7 Rxd7
66. Qe6+ Rdf7 67. Nxf5 Qd3 68. Nh6+ Kg7 69. Nxf7 Rxf7 70. Qe5+ 1-0

[Event "?"]
[Site "?"]
[Date "2013.12.20"]
[Round "2.1"]
[White "Smirnov, Pavel"]
[Black "Onischuk, Vladimir"]
[Result "1/2-1/2"]
[WhiteElo "2634"]
[BlackElo "2614"]
[PlyCount "61"]
[EventDate "2013.??.??"]
[EventType "k.o."]

1. d4 d6 2. Nf3 g6 3. c4 Bg7 4. Nc3 Bg4 5. g3 Bxf3 6. exf3 e6 7. d5 e5 8. f4
Nd7 9. Be2 Ngf6 10. O-O O-O 11. fxe5 Nxe5 12. Be3 Re8 13. c5 dxc5 14. Bxc5 Ned7
15. Bd4 Nb6 16. Bf3 Qd7 17. Qb3 Rad8 18. Rad1 Ng4 19. Bxg7 Kxg7 20. Bxg4 Qxg4
21. Nb5 Qc4 22. Qxc4 Nxc4 23. Rc1 Nd6 24. Nxd6 Rxd6 25. Rxc7 Rxd5 26. Rxb7 Re2
27. Rxa7 Rxb2 28. Kg2 Rdd2 29. a4 Ra2 30. a5 Rd5 31. a6 1/2-1/2

[Event "?"]
[Site "?"]
[Date "2013.12.20"]
[Round "2.2"]
[White "Galkin, Alexander"]
[Black "Kovalenko, Igor"]
[Result "0-1"]
[WhiteElo "2595"]
[BlackElo "2653"]
[PlyCount "58"]
[EventDate "2013.??.??"]
[EventType "k.o."]

1. Nf3 Nf6 2. c4 c6 3. Nc3 d5 4. e3 e6 5. b3 Bd6 6. Bb2 e5 7. cxd5 cxd5 8. Nb5
Nc6 9. Nxd6+ Qxd6 10. Qc1 Bg4 11. Bb5 Bxf3 12. gxf3 Nd7 13. Ba3 Qf6 14. Ke2 Rc8
15. Qb2 Qe6 16. Rhg1 g6 17. f4 f6 18. fxe5 Ndxe5 19. f4 a6 20. Bxa6 bxa6 21.
fxe5 fxe5 22. Raf1 Kd8 23. Rg2 Re8 24. Rgf2 Nd4+ 25. Ke1 Nc2+ 26. Kd1 Qg4+ 27.
Re2 d4 28. h3 Qxh3 29. Rg1 d3 0-1

[Event "?"]
[Site "?"]
[Date "2013.12.20"]
[Round "2.2"]
[White "Maletin, Pavel"]
[Black "Bocharov, Dmitry"]
[Result "0-1"]
[WhiteElo "2638"]
[BlackElo "2610"]
[PlyCount "96"]
[EventDate "2013.??.??"]
[EventType "k.o."]

1. c4 e5 2. g3 Nf6 3. Bg2 Bc5 4. Nc3 O-O 5. e3 Nc6 6. Nge2 a6 7. O-O d6 8. h3
Ba7 9. d4 Re8 10. dxe5 Nxe5 11. b3 Rb8 12. a4 Bd7 13. Bb2 h6 14. Nf4 Bf5 15.
Qe2 g5 16. Nfd5 Bd3 17. Qd2 Bxf1 18. Rxf1 Nxd5 19. Nxd5 c6 20. Nc3 f5 21. Kh1
g4 22. hxg4 Nxg4 23. Ne2 Qe7 24. Qc3 Kh7 25. Nf4 Qf7 26. Bh3 Rg8 27. Qd3 Rbe8
28. Qxd6 Bb8 29. Qd3 Be5 30. Bxg4 Rxg4 31. Bxe5 Rxe5 32. Kg2 Re7 33. Rh1 Rd7
34. Qc3 Rg5 35. Rh4 Qe7 36. Kh2 Qd6 37. c5 Qe7 38. b4 Qf7 39. Qc2 Kg7 40. e4
fxe4 41. Qxe4 Re7 42. Qd4+ Kh7 43. Qd6 h5 44. Qd3+ Qf5 45. Qd8 Re2 46. Qd4 Re1
47. Ng2 Rf1 48. Rf4 Qh3+ 0-1

[Event "?"]
[Site "?"]
[Date "2013.12.20"]
[Round "2.2"]
[White "Onischuk, Vladimir"]
[Black "Smirnov, Pavel"]
[Result "1/2-1/2"]
[WhiteElo "2614"]
[BlackElo "2634"]
[PlyCount "77"]
[EventDate "2013.??.??"]
[EventType "k.o."]

1. Nf3 c5 2. e4 d6 3. d4 cxd4 4. Nxd4 Nf6 5. Nc3 a6 6. a4 Nc6 7. Nxc6 bxc6 8.
a5 e5 9. Bd3 Be7 10. O-O O-O 11. Qe2 Bg4 12. f3 Be6 13. Kh1 Nd7 14. f4 exf4 15.
Bxf4 Ne5 16. Bxa6 Bg4 17. Rf3 Nxf3 18. gxf3 Bxf3+ 19. Qxf3 Rxa6 20. b4 d5 21.
Rg1 Bxb4 22. Bh6 g6 23. Bxf8 Qxf8 24. exd5 Rxa5 25. dxc6 Ra3 26. Rd1 Bxc3 27.
c7 Be5 28. Rd8 Rxf3 29. Rxf8+ Kxf8 30. c8=Q+ Kg7 31. Qc5 Rf5 32. Qe3 Bf4 33.
Qd3 Be5 34. h3 Bf6 35. c4 Be7 36. Kg2 Bc5 37. Qe4 Rf2+ 38. Kg3 Rf5 39. Kg2
1/2-1/2

[Event "?"]
[Site "?"]
[Date "2013.12.20"]
[Round "2.3"]
[White "Smirnov, Pavel"]
[Black "Onischuk, Vladimir"]
[Result "1-0"]
[WhiteElo "2634"]
[BlackElo "2614"]
[PlyCount "100"]
[EventDate "2013.??.??"]
[EventType "k.o."]

1. d4 d6 2. Nf3 g6 3. g3 Bg7 4. Bg2 Nf6 5. O-O O-O 6. c4 Nc6 7. Nc3 e5 8. dxe5
dxe5 9. Bg5 Be6 10. Qa4 Qb8 11. Rad1 Nd7 12. Qc2 h6 13. Be3 f5 14. Nd5 Rf7 15.
b4 Nb6 16. b5 Ne7 17. Nh4 Kh7 18. Nxe7 Rxe7 19. g4 Rf7 20. gxf5 gxf5 21. c5 Nc4
22. Bd5 Bxd5 23. Rxd5 c6 24. Nxf5 cxd5 25. Nxh6+ e4 26. Nxf7 Qe8 27. Ng5+ Kh8
28. Bf4 Qh5 29. e3 Rg8 30. Qd1 Qxd1 31. Rxd1 d4 32. exd4 Nb2 33. Re1 Bxd4 34.
Rxe4 Bf6 35. h4 Nd3 36. Be3 Kg7 37. Kf1 Kg6 38. c6 bxc6 39. bxc6 Kf5 40. Rc4
Ne5 41. Rc5 Be7 42. Ra5 Bd6 43. Nf3 Ke4 44. Nxe5 Bxe5 45. Rxa7 Rc8 46. Ra6 Kd5
47. Kg2 Rg8+ 48. Kf3 Rf8+ 49. Ke2 Rg8 50. h5 Rh8 1-0

[Event "?"]
[Site "?"]
[Date "2013.12.20"]
[Round "3.1"]
[White "Onischuk, Vladimir"]
[Black "Panarin, Mikhail"]
[Result "1-0"]
[WhiteElo "2614"]
[BlackElo "2574"]
[PlyCount "112"]
[EventDate "2013.??.??"]
[EventType "k.o."]

1. Nf3 c5 2. g3 Nc6 3. Bg2 g6 4. O-O Bg7 5. Nc3 e6 6. Re1 Nge7 7. e4 d6 8. d3
O-O 9. Be3 Nd4 10. Rc1 Rb8 11. Qd2 b5 12. Bh6 Nec6 13. Bxg7 Kxg7 14. Nxd4 Nxd4
15. Nd1 b4 16. c3 bxc3 17. bxc3 Nc6 18. Ne3 e5 19. f4 f6 20. Nd5 Ne7 21. d4
cxd4 22. cxd4 Nxd5 23. exd5 Qb6 24. Rc6 Qxd4+ 25. Qxd4 exd4 26. Rxd6 Bf5 27.
Ra6 Rf7 28. Rd1 Rb1 29. Rxb1 Bxb1 30. d6 Rd7 31. Kf2 f5 32. Bd5 Kf6 33. Ke2 Be4
34. Bb3 g5 35. Kd2 gxf4 36. gxf4 Rg7 37. Ra4 Rg2+ 38. Kc1 Bc6 39. Rxd4 Rxh2 40.
d7 Bxd7 41. Rxd7 h5 42. Rxa7 h4 43. Rh7 Kg6 44. Rh8 Kg7 45. Rh5 Kg6 46. Rg5+
Kf6 47. Bc2 h3 48. Rxf5+ Ke6 49. Rh5 Kf6 50. a4 Ke6 51. a5 Kd6 52. f5 Rf2 53.
Rxh3 Kc5 54. Rb3 Kc4 55. a6 Rf1+ 56. Kb2 Kd5 1-0

[Event "?"]
[Site "?"]
[Date "2013.12.21"]
[Round "3.1"]
[White "Bocharov, Dmitry"]
[Black "Kovalenko, Igor"]
[Result "1/2-1/2"]
[WhiteElo "2610"]
[BlackElo "2653"]
[PlyCount "123"]
[EventDate "2013.??.??"]
[EventType "k.o."]

1. e4 c5 2. Nf3 d6 3. d4 cxd4 4. Nxd4 Nf6 5. Nc3 g6 6. g3 Bg7 7. Bg2 O-O 8. O-O
Nc6 9. Nde2 Rb8 10. a4 b6 11. h3 Ba6 12. Re1 Qd7 13. Be3 Rfc8 14. f4 Na5 15.
Bf2 Bb7 16. Qd3 e5 17. b3 Nc6 18. Rad1 Nb4 19. Qd2 Nh5 20. Nb5 Nxc2 21. Rf1 Ba6
22. Nxd6 Nd4 23. Nb5 Nxe2+ 24. Qxe2 Qe6 25. Qe3 Bxb5 26. f5 Qe8 27. axb5 Qxb5
28. Qf3 Rb7 29. Rd5 Qe8 30. Rfd1 Rbc7 31. Bf1 Nf6 32. Bb5 Qe7 33. R5d3 Bh6 34.
g4 Bf4 35. h4 h6 36. fxg6 fxg6 37. g5 hxg5 38. hxg5 Nh7 39. Bh4 Rf8 40. Bc4+
Kh8 41. Qg4 Bxg5 42. Rd7 Qc5+ 43. Kh1 Rxd7 44. Rxd7 Qe3 45. Bg3 Bf4 46. Qxg6
Qf3+ 47. Kh2 Bxg3+ 48. Qxg3 Qxg3+ 49. Kxg3 Nf6 50. Rxa7 Nxe4+ 51. Kg4 Nd6 52.
Bd5 Rd8 53. Re7 Nc8 54. Rxe5 Kg7 55. Kf4 Rf8+ 56. Ke3 Nd6 57. Re7+ Kg6 58. Rd7
Rf6 59. Be4+ Kg5 60. Bd3 Nf7 61. Kd4 Kf4 62. Bc4 1/2-1/2